Estadísticas para 15 principales países afectados por Covid19 - 10 mayo 2021

Haz click aquí para intentar la prueba.

Estadísticas generales

  • Esta prueba ha sido intentada 12 veces
  • La puntuación promedio es 18 de 28

Estadísticas de respuestas

país% Correcto
Brasil
100%
Estados Unidos
100%
Francia
100%
India
100%
México
100%
Alemania
92%
Argentina
92%
Colombia
92%
España
92%
Italia
92%
Rusia
92%
Irán
67%
Reino Unido
67%
Bélgica
58%
Israel
58%
Países Bajos
58%
Hungría
50%
Polonia
50%
Portugal
50%
Panamá
42%
Suecia
42%
Turquía
42%
Lituania
33%
Chequia
25%
Estonia
25%
Baréin
17%
Croacia
17%
Eslovenia
17%

Distribución de puntuación

Porcentaje por número respondido

Porcentaje de gente con cada puntuación

Historial de tus puntuaciones

No has intentado esta prueba.